[Event "Baden-Baden Autumn op"]
[Site "Baden-Baden"]
[Date "2023.11.03"]
[Round "3"]
[White "Cernov, Henrik"]
[Black "Goldinov, Daniel"]
[Result "1-0"]
[WhiteElo "2094"]
[BlackElo "1811"]
[PlyCount "89"]
[EventDate "2023.11.02"]
[EventType "swiss"]
[EventRounds "7"]
[EventCountry "GER"]
[SourceTitle "CB46_2023"]
[SourceDate "2023.11.15"]
[SourceVersion "1"]
[SourceVersionDate "2023.11.15"]
[SourceQuality "1"]
[WhiteTeam "Germany"]
[BlackTeam "Germany"]
[WhiteTeamCountry "GER"]
[BlackTeamCountry "GER"]

1. e4 c5 2. Nf3 e6 3. d4 cxd4 4. Nxd4 Nc6 5. Nc3 Qc7 6. Qd3 a6 7. Nxc6 Qxc6 8. Qg3 Nf6 9. Bd3 d5 10. exd5 exd5 11. 0-0 Be7 12. Re1 Kf8 13. Ne2 Be6 14. Nd4 Qd7 15. Nxe6+ fxe6 16. Qh3 Kf7 17. b3 Bb4 18. Re2 Bc3 19. Bf5 Ne4 20. Bxe4 Bxa1 21. Bxh7 Bf6 22. Ba3 Be7 23. Qh5+ Kf8 24. Re3 Bxa3 25. Rf3+ Ke7 26. Rf7+ Kd8 27. Rxd7+ Kxd7 28. Qf7+ Be7 29. Qxg7 Kd6 30. f4 Rhf8 31. Qe5+ Kd7 32. f5 Bc5+ 33. Kh1 Rae8 34. fxe6+ Kc6 35. Bd3 Re7 36. h4 Bd6 37. Qc3+ Kb6 38. Qd4+ Kc6 39. c4 dxc4 40. Qxc4+ Kb6 41. Qd5 Bb8 42. Bf5 Rh7 43. Qd4+ Kc6 44. Qc4+ Kd6 45. Bxh7 1-0

[Event "Baden-Baden Autumn op"]
[Site "Baden-Baden"]
[Date "2023.11.03"]
[Round "2"]
[White "Hollmann, Thomas"]
[Black "Cernov, Henrik"]
[Result "0-1"]
[WhiteElo "1874"]
[BlackElo "2094"]
[PlyCount "70"]
[EventDate "2023.11.02"]
[EventType "swiss"]
[EventRounds "7"]
[EventCountry "GER"]
[SourceTitle "CB46_2023"]
[SourceDate "2023.11.15"]
[SourceVersion "1"]
[SourceVersionDate "2023.11.15"]
[SourceQuality "1"]
[WhiteTeam "Germany"]
[BlackTeam "Germany"]
[WhiteTeamCountry "GER"]
[BlackTeamCountry "GER"]

1. e4 c5 2. Nf3 e6 3. d4 cxd4 4. Nxd4 Nf6 5. Nc3 Nc6 6. Nxc6 bxc6 7. e5 Nd5 8. Ne4 Qc7 9. f4 Qb6 10. c4 Ne3 11. Qd3 Bb4+ 12. Ke2 Nxc4 13. Kf3 Ba6 14. Kg3 Bb5 15. Qf3 d5 16. exd6 Nxd6 17. Nxd6+ Bxd6 18. Be3 Qa6 19. Bxb5 Qxb5 20. Rac1 Rc8 21. Rhd1 Be7 22. Rc2 0-0 23. Rd7 Bf6 24. b3 a5 25. Rc4 Qf5 26. Rxc6 e5 27. Rdc7 exf4+ 28. Bxf4 Rcd8 29. Rc5 Qg6+ 30. Kf2 Bd4+ 31. Be3 Bxc5 32. Rxc5 Rd6 33. Rg5 Qc2+ 34. Kg3 Re8 35. Qf4 Rxe3+ 0-1

[Event "Oberliga Baden 2223"]
[Site "Germany"]
[Date "2023.03.19"]
[Round "8.5"]
[White "Lanka, Zigurds"]
[Black "Cernov, Henrik"]
[Result "1-0"]
[WhiteElo "2504"]
[BlackElo "1998"]
[PlyCount "73"]
[EventDate "2022.09.18"]
[EventType "team-tourn"]
[EventRounds "9"]
[EventCountry "GER"]
[SourceTitle "EXT 2024"]
[Source "ChessBase"]
[SourceDate "2023.10.10"]
[SourceVersion "1"]
[SourceVersionDate "2023.10.10"]
[SourceQuality "1"]
[WhiteTeam "Viernheim II"]
[BlackTeam "Ladenburg"]
[WhiteTeamCountry "GER"]
[BlackTeamCountry "GER"]

1. Nf3 Nf6 2. d4 e6 3. e3 c5 4. Bd3 cxd4 5. exd4 b6 6. 0-0 Bb7 7. c4 Be7 8. Nc3 0-0 9. d5 Na6 10. Re1 Nb4 11. Bf1 exd5 12. a3 Na6 13. cxd5 Re8 14. Bf4 Nh5 15. Be3 Nf6 16. b4 Bf8 17. Qb3 Nc7 18. Rad1 h6 19. h3 Bd6 20. g3 Ne4 21. Nxe4 Rxe4 22. Bg2 Rc8 23. Nh2 Re8 24. Bd4 Rxe1+ 25. Rxe1 Qg5 26. h4 Bxd5 27. hxg5 Bxb3 28. gxh6 Ne6 29. Ba1 a5 30. hxg7 f5 31. Nf3 axb4 32. axb4 Bxb4 33. Rb1 Bd5 34. Nh4 Bxg2 35. Kxg2 Bd2 36. Nxf5 Bg5 37. Rh1 1-0

[Event "Baden Baden op"]
[Site "Baden-Baden"]
[Date "2023.02.19"]
[Round "5"]
[White "Koellner, Ruben Gideon"]
[Black "Cernov, Henrik"]
[Result "1-0"]
[WhiteElo "2410"]
[BlackElo "2216"]
[PlyCount "73"]
[EventDate "2023.02.17"]
[EventType "swiss"]
[EventRounds "9"]
[EventCountry "GER"]
[SourceTitle "CBM 212 Extra"]
[Source "ChessBase"]
[SourceDate "2023.03.31"]
[SourceVersion "1"]
[SourceVersionDate "2023.03.31"]
[SourceQuality "1"]

1. d4 Nf6 2. Nf3 e6 3. Nbd2 d5 4. e3 c5 5. b3 Nc6 6. Bb2 Bd6 7. Bd3 0-0 8. dxc5 Bxc5 9. a3 Qe7 10. b4 Bd6 11. 0-0 e5 12. c4 Rd8 13. cxd5 Nxd5 14. b5 Nb8 15. Qc2 Nf6 16. Nc4 Nbd7 17. Nxd6 Qxd6 18. Rad1 Qe7 19. Nxe5 Nb6 20. Nf3 h6 21. Nd4 Bg4 22. Rc1 Rac8 23. Qb3 Qd7 24. Rxc8 Rxc8 25. Rc1 Rxc1+ 26. Bxc1 Qc7 27. Bb2 Bd7 28. h3 Qc5 29. a4 Nc8 30. Ba3 Qg5 31. Qb4 Nh7 32. Nf3 Qd5 33. Be4 Qd1+ 34. Kh2 b6 35. Nd4 Qh5 36. Nf3 Bf5 37. g4 1-0

[Event "Mendrisio op"]
[Site "Mendrisio"]
[Date "2022.09.11"]
[Round "5"]
[White "White, David J"]
[Black "Cernov, Henrik"]
[Result "0-1"]
[WhiteElo "1868"]
[BlackElo "1998"]
[PlyCount "72"]
[EventDate "2022.09.09"]
[EventType "swiss"]
[EventRounds "5"]
[EventCountry "SUI"]
[SourceTitle "EXT 2023"]
[Source "ChessBase"]
[SourceDate "2022.10.05"]
[SourceVersion "1"]
[SourceVersionDate "2022.10.05"]
[SourceQuality "1"]

1. e4 Nc6 2. d4 d5 3. exd5 Qxd5 4. Nf3 Bg4 5. Be2 0-0-0 6. Be3 Qh5 7. Nbd2 e5 8. dxe5 Nxe5 9. Nxe5 Bxe2 10. Qxe2 Qxe5 11. 0-0 Bd6 12. Nf3 Qh5 13. Qc4 a6 14. Rad1 Bxh2+ 15. Nxh2 Rxd1 16. Bf4 Rd7 17. Nf3 f6 18. Re1 Ne7 19. Qe6 Qf5 20. Qc4 Qd5 21. Qc3 Nc6 22. Re3 Qa5 23. Qc4 Rd1+ 24. Kh2 Qh5+ 25. Kg3 g5 26. Qe6+ Kb8 27. Bxc7+ Kxc7 28. Qxf6 Rhd8 29. Nxg5 Rg8 30. Re7+ Nxe7 31. Qxe7+ Kb8 32. f4 h6 33. Qe5+ Ka8 34. Qe6 Rxg5+ 35. fxg5 Qxg5+ 36. Kh2 Qh4+ 0-1

[Event "Wohlen op 3rd"]
[Site "Wohlen"]
[Date "2022.08.20"]
[Round "3"]
[White "Cernov, Henrik"]
[Black "Kwiatkowski, Jakub1111"]
[Result "1-0"]
[WhiteElo "1963"]
[BlackElo "1786"]
[PlyCount "119"]
[EventDate "2022.08.19"]
[EventType "swiss"]
[EventRounds "5"]
[EventCountry "SUI"]
[SourceTitle "CBM 210 Extra"]
[Source "ChessBase"]
[SourceDate "2022.11.30"]
[SourceVersion "1"]
[SourceVersionDate "2022.11.30"]
[SourceQuality "1"]

1. e4 c5 2. Be2 Nc6 3. d3 e6 4. f4 d5 5. Nf3 Bd6 6. 0-0 Nge7 7. c3 0-0 8. Kh1 f6 9. Be3 Qc7 10. a3 b6 11. g3 a5 12. Nbd2 Bb7 13. Qb3 a4 14. Qc2 b5 15. Nh4 f5 16. Bf3 d4 17. cxd4 Nxd4 18. Bxd4 cxd4 19. Qxc7 Bxc7 20. exf5 Bxf3+ 21. Ndxf3 Nxf5 22. Nxf5 exf5 23. Nxd4 Rfd8 24. Nxb5 Ba5 25. Rfd1 Rab8 26. Nc3 Bxc3 27. bxc3 Rb3 28. Rac1 Rxa3 29. d4 Ra2 30. d5 Rb8 31. Rb1 Rxb1 32. Rxb1 Rd2 33. Ra1 Rxd5 34. Rxa4 Rc5 35. c4 Kf7 36. Kg2 h6 37. Kf3 Rc6 38. Ke3 Re6+ 39. Kd3 Rd6+ 40. Kc3 Re6 41. Ra2 Re3+ 42. Kd4 Re1 43. c5 Rd1+ 44. Ke5 Rc1 45. Ra7+ Kg6 46. Ra6+ Kf7 47. Rc6 Rc2 48. Kxf5 Rxh2 49. Rc7+ Kf8 50. g4 Ra2 51. Kg6 Rg2 52. g5 hxg5 53. fxg5 Ra2 54. Rc8+ Ke7 55. Kxg7 Ra7 56. Kh6 Ra6+ 57. g6 Kd7 58. Rf8 Rc6 59. Kh7 Rxc5 60. g7 1-0

[Event "Basel op 24th"]
[Site "Basel"]
[Date "2022.03.05"]
[Round "3"]
[White "Cernov, Henrik"]
[Black "Stijve, Theo"]
[Result "0-1"]
[WhiteElo "2001"]
[BlackElo "2333"]
[PlyCount "50"]
[EventDate "2022.03.04"]
[EventType "swiss"]
[EventRounds "5"]
[EventCountry "SUI"]
[SourceTitle "EXT 2024"]
[Source "ChessBase"]
[SourceDate "2023.10.10"]
[SourceVersion "1"]
[SourceVersionDate "2023.10.10"]
[SourceQuality "1"]

1. e4 c5 2. Nf3 d6 3. Bb5+ Nd7 4. 0-0 a6 5. Bd3 Ngf6 6. c3 b5 7. Bc2 Bb7 8. Qe2 e6 9. d4 Be7 10. Rd1 Qc7 11. Bf4 Rc8 12. Bd3 cxd4 13. cxd4 e5 14. Rc1 Qxc1+ 15. Bxc1 Rxc1+ 16. Ne1 0-0 17. d5 Rfc8 18. g4 Nc5 19. Bc2 Ne6 20. dxe6 R8xc2 21. exf7+ Kf8 22. Qe3 Nxg4 23. Qa7 Rxe1+ 24. Kg2 Rxe4 25. Kh3 Nxf2+ 0-1

[Event "GER-ch U10"]
[Site "Willingen"]
[Date "2018.05.25"]
[Round "9"]
[White "Cernov, Henrik"]
[Black "Udelnov, Valentin"]
[Result "1-0"]
[WhiteElo "1353"]
[BlackElo "1377"]
[PlyCount "123"]
[EventDate "2018.05.19"]
[EventType "swiss"]
[EventRounds "11"]
[EventCountry "GER"]
[SourceTitle "CBM 184 Extra"]
[Source "ChessBase"]
[SourceDate "2018.06.28"]
[SourceVersion "1"]
[SourceVersionDate "2018.06.28"]
[SourceQuality "1"]

1. e4 c5 2. Nf3 Nc6 3. Bb5 g6 4. Bxc6 dxc6 5. 0-0 Bg7 6. d3 Nf6 7. Nc3 0-0 8. Be3 b6 9. Qd2 Ng4 10. h3 Nxe3 11. fxe3 Ba6 12. Rfd1 Qd7 13. d4 cxd4 14. exd4 Rfd8 15. Qf2 Qd6 16. e5 Qb4 17. Rab1 f6 18. a3 Qc4 19. Qe3 c5 20. d5 fxe5 21. Nxe5 Qh4 22. Nc6 Re8 23. Qe6+ Kh8 24. Re1 Bd4+ 25. Kh2 Qf4+ 26. Kh1 Bc8 27. Qe2 Bf6 28. Rf1 Qh6 29. Rxf6 Bxh3 30. Qe5 Bxg2+ 31. Kxg2 exf6 32. Qxf6+ Qg7 33. Qxg7+ Kxg7 34. d6 Re6 35. Rd1 Rc8 36. d7 Rexc6 37. dxc8Q Rxc8 38. Rd7+ Kh6 39. Rxa7 Re8 40. Rb7 Re6 41. Kf3 g5 42. Nd5 Re5 43. Rxb6+ Kh5 44. Nf6+ Kh4 45. Nxh7 g4+ 46. Kf4 Rh5 47. Nf8 g3 48. Rg6 Rh8 49. Ne6 Rh7 50. Rg4+ Kh5 51. Kxg3 Re7 52. Ng7+ Rxg7 53. Rxg7 c4 54. c3 Kh6 55. Rg4 Kh5 56. Kf4 Kh6 57. Rg5 Kh7 58. Kf5 Kh6 59. Kf6 Kh7 60. Rh5+ Kg8 61. Rh6 Kf8 62. Rh8# 1-0

[Event "GER-ch U10"]
[Site "Willingen"]
[Date "2018.05.25"]
[Round "10"]
[White "Scheerer, Julian"]
[Black "Cernov, Henrik"]
[Result "1/2-1/2"]
[WhiteElo "1301"]
[BlackElo "1353"]
[PlyCount "41"]
[EventDate "2018.05.19"]
[EventType "swiss"]
[EventRounds "11"]
[EventCountry "GER"]
[SourceTitle "CBM 184 Extra"]
[Source "ChessBase"]
[SourceDate "2018.06.28"]
[SourceVersion "1"]
[SourceVersionDate "2018.06.28"]
[SourceQuality "1"]

1. e4 c5 2. Nf3 e6 3. g3 Nc6 4. Bg2 Nf6 5. d3 d5 6. Nbd2 Be7 7. 0-0 0-0 8. Re1 b6 9. e5 Nd7 10. Nf1 Qc7 11. Qe2 Bb7 12. Bf4 Rac8 13. Rad1 Rfd8 14. h4 h6 15. N3h2 b5 16. Ng4 a5 17. c4 bxc4 18. dxc4 d4 19. a3 Nb6 20. b3 Ba6 21. Qc2 1/2-1/2